Games Released in 1991 - Statistics

General Stats
  • This quiz has been taken 2 times
  • The average score is 11 of 31
Answer Stats
Answer % Correct
Sonic the Hedgehog
100%
Another World
50%
Batman Return of the Joker
50%
Battletoads
50%
Civilization
50%
Fatal Fury
50%
Final Fantasy IV
50%
Lemmings
50%
Mega Man 4
50%
Metroid II Return of Samus
50%
Rent a Hero
50%
Road Rash
50%
Starblade
50%
Street Fighter II
50%
Streets of Rage
50%
Super Castlevania IV
50%
Super Ghouls 'n Ghosts
50%
Tecmo Super Bowl
50%
The Legend of Zelda A Link to the Past
50%
Vice Project Doom
50%
Adventure Island II
0%
Darius Twin
0%
Decap Attack
0%
Golden Axe II
0%
Joe and Mac
0%
Metal Storm
0%
Ninja Gaiden III
0%
Quackshot
0%
Super R-Type
0%
The Legend of the Mystical Ninja
0%
ToeJam and Earl
0%
No matching quizzes found
Score Distribution
Percent of People with Each Score
Percentile by Number Answered
Your Score History
You have not taken this quiz